=LDR 00000nam 2200000 4500 =001 INLIS000000000048241 =005 20160929184231.0 =006 =007 =008 =020 ##$$a 979-424-069-9. =035 ##$$0010-091600000000058 =040 ##$$a ind =082 ##$$a 121.68 =090 ##$$a 121.68.poe.i1 =100 ##$$a DR.Wpoespoprodjo,L.,SS =245 ##$$a INTERPRESTASI =250 ##$$a 1 =260 ##$$a bandung $b REMADJA KARYA $c 1987 $e BANDUNG $f REMADJA KARYA =300 ##$$a 199 HLM,XI $c 21CM =440 ##$$a BEBERAPA CACATAN PENDEKATAN FILSAFATI NYA =850 ##$$a 0001/BPAP-NTB/2016 =990 ##$$a DW00013632 =990 ##$$a 0001/BPAP-NTB/2016